Asphalt surfacings : (Record no. 547709)
[ view plain ]
| 000 -LEADER | |
|---|---|
| fixed length control field | 00700cam a2200181 a 4500 |
| 020 ## - INTERNATIONAL STANDARD BOOK NUMBER | |
| International Standard Book Number | 0419231102 |
| 082 00 - DEWEY DECIMAL CLASSIFICATION NUMBER | |
| Classification number | 625.85 |
| Author Mark | ASP |
| -- | L-NUST, P-07 |
| 245 00 - TITLE STATEMENT | |
| Title | Asphalt surfacings : |
| Remainder of title | a guide to asphalt surfacings and treatments used for the surface course of road pavements / |
| Statement of responsibility, etc. | edited by Cliff Nicholls. |
| 260 ## - PUBLICATION, DISTRIBUTION, ETC. | |
| Place of publication, distribution, etc. | London ; |
| -- | New York : |
| Name of publisher, distributor, etc. | E & FN Spon, |
| Date of publication, distribution, etc. | 1998. |
| 300 ## - PHYSICAL DESCRIPTION | |
| Extent | xxvi, 405 p. : |
| Other physical details | ill. ; |
| Dimensions | 25 cm. |
| 526 ## - STUDY PROGRAM INFORMATION NOTE | |
| Program name | 0 |
| Interest level | 0 |
| Reading level | 0 |
| Title point value | 625_850000000000000_ASP |
| 650 #0 - SUBJECT ADDED ENTRY--TOPICAL TERM | |
| Topical term or geographic name entry element | MCE |
| 9 (RLIN) | 379 |
| 650 #0 - SUBJECT ADDED ENTRY--TOPICAL TERM | |
| Topical term or geographic name entry element | Pavements, Asphalt concrete. |
| 9 (RLIN) | 21880 |
| 650 #0 - SUBJECT ADDED ENTRY--TOPICAL TERM | |
| Topical term or geographic name entry element | Pavements, Asphalt. |
| 9 (RLIN) | 21213 |
| 700 1# - ADDED ENTRY--PERSONAL NAME | |
| Personal name | Nicholls, Cliff. |
| 9 (RLIN) | 43852 |
| 856 42 - ELECTRONIC LOCATION AND ACCESS | |
| Uniform Resource Identifier | <a href="http://www.loc.gov/catdir/enhancements/fy0651/98165437-d.html">http://www.loc.gov/catdir/enhancements/fy0651/98165437-d.html</a> |
| 942 ## - ADDED ENTRY ELEMENTS (KOHA) | |
| Source of classification or shelving scheme | |
| Koha item type | Book |
| Withdrawn status | Lost status | Source of classification or shelving scheme | Damaged status | Not for loan | Permanent Location | Current Location | Date acquired | Total Checkouts | Full call number | Barcode | Date last seen | Price effective from | Koha item type |
|---|---|---|---|---|---|---|---|---|---|---|---|---|---|
| Military College of Engineering (MCE) | Military College of Engineering (MCE) | 08/05/2014 | 625.85 ASP | MCE-43851 | 08/05/2014 | 08/05/2014 | Book |
